00366 a2200121 4500020001500000050002100015100002700036245006000063264004800123300001000171500003100181650003200212 a0797418490 aHD 7125 KAS 1998 aKaseke, Edwin eauthor aSocial security systems in rural ZimbabwecEdwin Kaseke aHarare, bFriedrich Ebert Stiftung,c 1998. a84p.: aIncludes table of contents aSocial security.x Zimbabwe